000
00279nam a22001217a 4500
003
SGT
082
_a
340,ICR
100
_a
ICRC
245
_a
HANDBOOK ON INTERNATIONAL RULES GOVERNING MILITARY OPERATIONS
260
_a
NEW DELHI
_b
ICRC
_c
2013
300
_a
459
942
_2
ddc
_c
BK
_0
2
999
_c
11237
_d
11237